00455nam a2200133Ia 4500008004100000082001300041100003700054245011900091260003900210300001600249520001100265650002800276700001700304230907s9999||||xx |||||||||||||| ||und|| a620bDAN aHafiz Danish Bilal (00000276113) 0aExperimental Investigation of Off-Grid Solar Thermal Water Heating System Integrated with Thermal Energy Storage / aUSPCAS-E, NUST,bIslamabad :c2022 axiii, 60 p. aTH-439 aMS-TEE Thesis MS Thesis aDr Majid Ali